000 00460nam a22001337a 4500
999 _c534947
_d534947
020 _a9789697502073
082 _a330.5491
100 _aAzam Chaudhry
245 _aEconomic challenges facing Pakistan in the regional and global environment 2017-2019
_cAzam Chaudhry and Theresa Thompson Chaudhry (Editors)
260 _aLahore
_bLahore School of Economics
_c2019
300 _a378p
942 _2ddc
_cBK